000 00706cab a2200229 4500
001 WB3041-08
008 090401t1994 xxu||||| |||| 00| 0 eng d
035 _a(Sirsi) u25274
041 _aeng
245 _aRefurbishments postponed
260 _c1994
350 _a0
490 _aBuilding
_v259(7867) 4 November 1994, 8(1)
520 _aA number of refurbishment projects, planned for 1994/5 by Property Holdings, will have to be postponed because of a miscalculation of funding.
650 _aMAJOR WORKS PROGRAMME
650 _aMINOR WORKS PROGRAMME
650 _aPROPERTY HOLDINGS
650 _aREFURBISHMENT PROJECTS
690 _aBUILT ENVIRONMENT
942 _n0
948 _c04/03/1997
999 _c16966
_d16966